000 00558nam a2200181Ia 4500
005 20241029163753.0
008 240126s9999 xx 000 0 und d
020 _a9788132119692
082 _a658.4092 RAO;1 R
100 _aRao, T V, Rao, Raju.
245 4 _aThe power of 360 degree feedback : the India way for leadership effectiveness
250 _a2nd ed.
260 _bSage Publication
_aNew Delhi
_c2014
300 _axxviii, 256
440 _aNULL
650 _aPerformance,management,appraisal,HR,tools,global,competitiveness
942 _cPU
999 _c290049
_d290049